24 Movie Posters with Two Halves Quiz Stats

 Plays Quiz Updated Apr 4, 2018

Score 0/24 Timer 06:00
0 Plays Today
Hint Answer % Correct
Terminator 3: Rise of the Machines
77.3%
Grown Ups
68.5%
Julie & Julia
60.6%
The Holiday
55%
Atonement
44.3%
The Taking of Pelham 123
39.3%
Eagle Eye
36.1%
G.I. Joe: The Rise of Cobra
32.9%
Requiem for a Dream
30.9%
Something's Gotta Give
30.2%
Prisoners
29.5%
The Switch
29.5%
Hint Answer % Correct
Unstoppable
25.9%
Law Abiding Citizen
25.4%
Carol
23.8%
Ladder 49
23.1%
Gattaca
22.5%
Spy Game
19%
Sunshine Cleaning
12%
The Impossible
7.2%
The Debt
4.8%
The Rewrite
3.6%
The Last Station
2.1%
Swinging with the Finkels
0.9%

You're not logged in!

Compare scores with friends on all Sporcle quizzes.
OR
Log In

Show Comments

Extras

Top Quizzes Today


Score Distribution

Your Account Isn't Verified!

In order to create a playlist on Sporcle, you need to verify the email address you used during registration. Go to your Sporcle Settings to finish the process.

Report this User

Report this user for behavior that violates our Community Guidelines.

Details: